000
00323nam a22001337a 4500
020
_a
9780070260627
082
_a
621.4021
_b
NAG/EN
100
_a
Nag, P K
_9
173
245
_a
Engineering Thermodynamics
250
_a
4/5
260
_a
New Delhi
_b
Tata McGraw Hill Education
_c
2008, 2013
300
_a
804,914
942
_c
BK
999
_c
14144
_d
14144